1426 1230 1843 1527 1886 1880 1316 1005 1412 1472 1573 1857 1838 1588 1076 1490 1342 1280 1273 1282 1302 1158 1957 1927 1710 1041 1475 1697 1660 1938 1816 1239 1147 1342 1326 1579 1786 1246 1901 1110 1572 1894 1049 1360 1876 1446 1725 1850 1203 1292 1816 1157 1609 1344 1578 1120 1607 1197 1604 1366 1854 1171 1496 1450 1213 1229 1613 1630 1792 1732 1429 1520 1865 1692 1273 1949 1871 1705 1140 1066 1896 1382 1684 1731 1987 1845 1313 1451 1081 1647 1201 1480 1715 1438 1338 1209 1801 1744 1604 BCNSPRNW ULIB Ver.6.0+V

เปลี่ยนเป็นภาษาไทย

Change to English
 แสดงรายละเอียดบรรณานุกรม
  กลับหน้าหลัก

Brief Record : Get Marc (ISO 2709) : E-mail record : QR code < ปิดหน้าต่าง
LEADER : 00000nam 2200000uu 4500
001    13399114180
003     ULIB
008    120228s2551||||th 000 0 tha d
020    ^a9789747492217
060 04 ^aWY16^bบ128 2551
100 0  สมจิต หนุเจริญกุล
245 00 ^aบทเรียนจากกรณีศึกษาเส้นทางสู่ความสำเร็จของพยาบาลเวชปฏิบัติ./^cสมจิต หนุเจริญกุล
260    ^a[กรุงเทพฯ] :^bสถาบันวิจัยและพัฒนาระบบสุขภาพชุมชน,^c[2551]
300    ^a116 หน้า ;^c21 ซม.
536    ^aได้รับทุนสนับสนุนจากสถาบันวิจัยและพัฒนาระบบสาธารณสุข
650  4 ^aพยาบาล^xวิจัย
650  4 ^aวิจัย
710 2  ^aสถาบันวิจัยและพัฒนาระบบสุขภาพชุมชน
945    ^p0^l0^i18786
945    ^p0^l0^i18787
945    ^p0^l0^i18788
945    ^p0^l0^i18789
945    ^p0^l0^i18790
945    ^p0^l0^i25226
945    ^p0^l0^i25227
945    ^p0^l0^i25228
945    ^p0^l0^i25229
995    ^aกัณชพร
999 ^a กัณชพร
รายการนี้ยังไม่มีแท็ก
คุณยังไม่ได้ล็อกอิน คุณสามารถมีกิจกรรมร่วมกับเว็บไซต์ได้ แต่ต้องล็อกอินก่อน ::
  ล็อกอิน

รายการสื่อสารสนเทศ

ลำดับที่ ประเภท เลขเรียก/บาร์โค้ด สถานที่ สถานะ
1. วิทยาศาสตร์การแพทย์ และสุขภาพ
วิทยาศาสตร์การแพทย์ และสุขภาพ
WY16 บ128 2551 ฉ.6 
  Barcode: 25226
ห้องสมุดวิทยาเขตนครสวรรค์
►ส่วนจัดเก็บหนังสือเก่า นว.
บนชั้น
  ขอยืม
2. วิทยาศาสตร์การแพทย์ และสุขภาพ
วิทยาศาสตร์การแพทย์ และสุขภาพ
WY16 บ128 2551 ฉ.7 
  Barcode: 25227
ห้องสมุดวิทยาเขตนครสวรรค์
►ส่วนจัดเก็บหนังสือเก่า นว.
บนชั้น
  ขอยืม
3. วิทยาศาสตร์การแพทย์ และสุขภาพ
วิทยาศาสตร์การแพทย์ และสุขภาพ
WY16 บ128 2551 ฉ.8 
  Barcode: 25228
ห้องสมุดวิทยาเขตนครสวรรค์
►ส่วนจัดเก็บหนังสือเก่า นว.
บนชั้น
  ขอยืม
4. วิทยาศาสตร์การแพทย์ และสุขภาพ
วิทยาศาสตร์การแพทย์ และสุขภาพ
WY16 บ128 2551 ฉ.9 
  Barcode: 25229
ห้องสมุดวิทยาเขตนครสวรรค์
►ส่วนจัดเก็บหนังสือเก่า นว.
บนชั้น
  ขอยืม

รายการใกล้เคียง
    ผู้แต่ง [สมจิต หนุเจริญกุล]

    หัวเรื่อง [วิจัย]

BibComment


ยังไม่เคยถูกคอมเมนท์

คอมเมนท์ทรัพยากรรายการนี้
  คอมเมนท์: บทเรียนจากกรณีศึ..


 Copyright 2026. Bcnsprnw @Library